000 00450 a2200157 4500
005 20250527141441.0
020 _a0-333-99436-1
082 _a658.8 McD
100 _aMcDonald, M.
245 _aMarketing : A Complete Guide.
260 _aNew York,
_bPalgrave Macmillan,
_c2003.
300 _axxv, 556p.: ill.; figure, table
_bIndex
_c23cm.
700 _aCHRISTOPHER, M.
856 _yAccess Online Book
_fMarketing
_dwww.palgrave.com
942 _2ddc
_cBKS
999 _c2749
_d2749